Estadísticas para Mayores Donantes de Ayuda Extranjera

Haz click aquí para intentar la prueba.

Estadísticas generales

  • Esta prueba ha sido intentada 1.174 veces
  • La puntuación promedio es 18 de 21

Estadísticas de respuestas

Total en $% de PIBPaís% Correcto
31.1 bilEstados Unidos
99%
9.23 bil0.37%Francia
97%
17.8 bil0.52%Alemania
96%
4.29 bil0.28%Canadá
96%
3.84 bilItalia
95%
4.28 bil1.05%Noruega
95%
7.09 bil1.40%Suecia
95%
0.56%Finlandia
93%
18.7 bil0.71%Reino Unido
93%
9.32 bilJapón
92%
3.54 bil0.52%Suiza
89%
3.22 bilAustralia
88%
2.57 bil0.85%Dinamarca
87%
5.81 bil0.76%Países Bajos
84%
0.42%Bélgica
83%
0.32%Austria
80%
1.91 bilCorea del Sur
79%
0.36%Irlanda
75%
0.93%Luxemburgo
67%
3.91 bil0.54%Turquía
61%
4.39 bil1.09%Emiratos Árabes Unidos
43%

Distribución de puntuación

Porcentaje por número respondido

Porcentaje de gente con cada puntuación

Historial de tus puntuaciones

No has intentado esta prueba.